An introduction to stellar astrophysics (Record no. 17969)

MARC details
000 -LEADER
fixed length control field 00620nam a2200205Ia 4500
003 - CONTROL NUMBER IDENTIFIER
control field IN-BaIIA
008 - FIXED-LENGTH DATA ELEMENTS--GENERAL INFORMATION
fixed length control field 211028s9999 xx 000 0 eng d
020 ## - INTERNATIONAL STANDARD BOOK NUMBER
International Standard Book Number 978-0-470-69956-0
040 ## - CATALOGING SOURCE
Transcribing agency IIA Library
080 ## - UNIVERSAL DECIMAL CLASSIFICATION NUMBER
Universal Decimal Classification number 524.3
Item number LEB
100 ## - MAIN ENTRY--PERSONAL NAME
Personal name LeBlanc, Francis
9 (RLIN) 34205
245 #3 - TITLE STATEMENT
Title An introduction to stellar astrophysics
Statement of responsibility, etc. Francis LeBlanc
260 ## - PUBLICATION, DISTRIBUTION, ETC.
Place of publication, distribution, etc. the Atrium
Name of publisher, distributor, etc. John Wiley & Sons
Date of publication, distribution, etc. 2010
300 ## - PHYSICAL DESCRIPTION
Extent xii, 338p.
650 ## - SUBJECT ADDED ENTRY--TOPICAL TERM
Topical term or geographic name entry element Stellar Atmospheres
9 (RLIN) 1135
650 ## - SUBJECT ADDED ENTRY--TOPICAL TERM
Topical term or geographic name entry element Stellar evolution
650 ## - SUBJECT ADDED ENTRY--TOPICAL TERM
Topical term or geographic name entry element Stellar interiors
9 (RLIN) 1247
650 ## - SUBJECT ADDED ENTRY--TOPICAL TERM
Topical term or geographic name entry element the Star
9 (RLIN) 9677
942 ## - ADDED ENTRY ELEMENTS (KOHA)
Koha item type Books
Holdings
Withdrawn status Lost status Damaged status Not for loan Home library Current library Shelving location Date acquired Source of acquisition Cost, normal purchase price Total Checkouts Full call number Barcode Date last seen Date last checked out Cost, replacement price Price effective from Koha item type Purchase Price
        IIA Library-Bangalore IIA Library-Bangalore General Stacks 05/02/2011 ANJ 10577.00 2 524.3/ LEB 18891 01/04/2026 10/03/2026 10577.00 05/02/2011 Books Rs. 10577.00

Powered by Koha